000
00337pam a2200157a 44500
008
230515b1984 xxu||||| |||| 00| 0 eng d
020
_a
NULL
041
_a
ENGLISH
082
_a
N.D.
100
_a
Bevan Thomas
245
_a
Theory Of Machines
250
_a
0
260
_a
NULL
_b
CBS. Pub.
_c
1984
300
_a
621
650
_a
NULL
999
_c
572209
_d
572209